TEKNIK ASAS PEMISAHAN DAN PENULENAN PRODUK / (Record no. 193684)

MARC details
000 -LEADER
fixed length control field 01084nam a2200301 i 4500
005 - DATE AND TIME OF LATEST TRANSACTION
control field 20231119143101.0
008 - FIXED-LENGTH DATA ELEMENTS--GENERAL INFORMATION
fixed length control field 231119t20242024my ao g o000 0 may d
020 ## - INTERNATIONAL STANDARD BOOK NUMBER
International Standard Book Number 9789674617837
Terms of availability RM39.00
Qualifying information paperback
040 ## - CATALOGING SOURCE
Original cataloging agency PPAK
Language of cataloging eng
Transcribing agency PPAK
Description conventions rda
082 04 - DEWEY DECIMAL CLASSIFICATION NUMBER
Edition number 23
Classification number 660.2842
090 00 - LOCALLY ASSIGNED LC-TYPE CALL NUMBER (OCLC); LOCAL CALL NUMBER (RLIN)
Classification number (OCLC) (R) ; Classification number, CALL (RLIN) (NR) 660.2842
Feature heading MOH
Feature heading G
100 0# - MAIN ENTRY--PERSONAL NAME
Personal name Mohd Nazri Ismail,
Relator term author.
245 10 - TITLE STATEMENT
Title TEKNIK ASAS PEMISAHAN DAN PENULENAN PRODUK /
Statement of responsibility, etc. Mohd Nazri Ismail, Husnul Azan Tajarudin, Mardiana Idayu Ahmad
264 #1 - PRODUCTION, PUBLICATION, DISTRIBUTION, MANUFACTURE, AND COPYRIGHT NOTICE
Place of production, publication, distribution, manufacture Pulau Pinang :
Name of producer, publisher, distributor, manufacturer Penerbit Universiti Sains Malaysia,
Date of production, publication, distribution, manufacture, or copyright notice 2024
Date of production, publication, distribution, manufacture, or copyright notice ©2024
300 ## - PHYSICAL DESCRIPTION
Extent ix, 120 pages :
Other physical details illustrations, photographs ;
Dimensions 24 cm
336 ## - CONTENT TYPE
Content type term text
Source rdacontent
337 ## - MEDIA TYPE
Media type term unmediated
Source rdamedia
338 ## - CARRIER TYPE
Carrier type term volume
Source rdacarrier
500 ## - GENERAL NOTE
General note Includes index
504 ## - BIBLIOGRAPHY, ETC. NOTE
Bibliography, etc. note Bibliography : pages 111-115
650 10 - SUBJECT ADDED ENTRY--TOPICAL TERM
Topical term or geographic name entry element Separation (Technology)
Topical term or geographic name entry element Chemicals
General subdivision Purification
Topical term or geographic name entry element Government publications
Geographic subdivision Malaysia
700 0# - ADDED ENTRY--PERSONAL NAME
Personal name Husnul Azan Tajarudin,
Relator term author.
Personal name Mardiana Idayu Ahmad,
Relator term author.
942 ## - ADDED ENTRY ELEMENTS (KOHA)
Source of classification or shelving scheme Dewey Decimal Classification
Koha item type Book
Holdings
Withdrawn Not for loan Current library Shelving location Date acquired Total Checkouts Full call number Barcode Date last seen Koha item type Date last checked out
    Perpustakaan Alor Setar Pinjaman Dewasa 04/12/2023   660.2842 MOH A01799868 04/12/2023 Book  
    Perpustakaan Awam Sungai Petani Pinjaman Dewasa 04/12/2023   660.2842 MOH A01799869 04/12/2023 Book  
    Perpustakaan Baling Pinjaman Dewasa 04/12/2023   660.2842 MOH A01799873 04/12/2023 Book  
    Perpustakaan Bandar Baharu Pinjaman Dewasa 04/12/2023 1 660.2842 MOH A01799874 16/01/2025 Book 08/12/2024
    Perpustakaan Jitra Pinjaman Dewasa 04/12/2023   660.2842 MOH A01799870 04/12/2023 Book  
    Perpustakaan Kulim Pinjaman Dewasa 04/12/2023   660.2842 MOH A01799872 04/12/2023 Book  
    Perpustakaan Langkawi Pinjaman Dewasa 04/12/2023   660.2842 MOH A01799871 04/12/2023 Book